Statistics for Fictional Characters Merged with American Celebrities

Click here to take the quiz!

General Stats

  • This quiz has been taken 11,878 times
    (11,228 since last reset)
  • The average score is 13 of 18

Answer Stats

Answer% Correct
Superman
97%
Barack Obama
96%
Hulk
96%
Ariel
94%
Dwayne Johnson
93%
Leonardo DiCaprio
93%
Morgan Freeman
89%
Sherlock Holmes
88%
Ariana Grande
87%
Angelina Jolie
82%
Tom Cruise
73%
Lara Croft
71%
Kim Kardashian
59%
Meghan Markle
50%
Jasmine
47%
Morpheus
43%
Tintin
38%
Xena Warrior Princess
31%

Score Distribution

Percentile by Number Answered

Percent of People with Each Score

Your Score History

You have not taken this quiz since the last reset